00680nam a2200241 a 4500001001300000003000900013005001700022008004100039020001000080082001600090100002600106245001700132260003400149300001000183500003500193505001000228650002300238700002600261902000800287942000700295952011900302999001700421nice12345678IN_TiNIC20260116015212.0050524s1318 teha grp 000 0 per  ac10000a891.55bTAB aTabrizi, Abdur Raheem aKitab Ahmad. aTehranbKhursheed Pressc1318 a234p. aincludes index and biblioraphy2 aIndex aPersian Literature1 aTabrizi, Abdur Raheem bSRS cBK 001040708StackRoom-aHMIbHMId2007-06-04g100.00l0o891.55 TABp11001007r2007-06-04v100.00w2005-05-24yBK c18740d18740